Barbara - Dis, quand reviendras-tu ? - paroles - Statistiques

Statistiques générales
  • Ce quiz a été pris 356 fois
  • Le résultat moyen est 222 sur 284
Statistiques - réponses
Paroles % Correct
A
97%
à
97%
Dis
97%
quand
97%
le
96%
Le
96%
te
96%
temps
94%
tu
94%
Tu
94%
Au
93%
au
93%
de
93%
que
93%
Que
93%
se
93%
moins
92%
Ne
92%
ne
92%
pas
92%
plus
92%
qui
92%
reviendras-tu
91%
tout
91%
passe
90%
perdu
90%
rattrape
90%
sais-tu
89%
je
88%
Je
88%
guère
87%
es
85%
jours
82%
c'est
81%
combien
81%
les
81%
Pour
81%
pour
81%
la
80%
me
79%
Nous
79%
nous
79%
nuits
78%
cette
77%
dernier
77%
dit
77%
fois
76%
reparti
76%
voyage
76%
d'amour
75%
dans
75%
Et
75%
et
75%
m'as
75%
Voilà
75%
voilà
75%
parle
74%
printemps
74%
naufrage
72%
nos
72%
Paris
72%
si
72%
Si
72%
joli
71%
retour
71%
verras
71%
beau
70%
j'ai
70%
J'ai
70%
serai
70%
toi
70%
des
69%
parler
69%
rues
69%
n'ai
68%
coeurs
67%
déjà
67%
mal
67%
déambulerons
66%
feuilles
66%
rêve
66%
voir
66%
irons
65%
déchirés
64%
depuis
64%
jardins
64%
ensemble
63%
femmes
63%
frissonne
63%
mortes
63%
bois
62%
longtemps
62%
marins
62%
feux
61%
d'automne
60%
vertu
60%
bas
59%
brûlent
59%
fin
59%
s'est
58%
suis
57%
deux
56%
enfui
56%
mes
56%
refleuris
56%
souvenirs
56%
t'aimer
56%
toujours
56%
un
56%
ferai
55%
beaux
54%
celles
54%
encore
54%
revenir
54%
qu'il
53%
faut
52%
soleil
52%
autre
51%
comme
51%
comprends
51%
Craquent
51%
n'aimer
51%
Soudain
51%
chagrin
49%
vais
49%
viens
49%
J'irai
47%
réchauffer
47%
rengaine
47%
traîne
46%
meurent
45%
m'alanguis
44%
monde
41%
Ton
41%
tourne
41%
chavire
40%
vire
39%
m'émerveille
38%
hante
37%
route
37%
reprendrai
35%
tangue
34%
image
32%
Aucun quiz correspondant
Distribution des résultats
% des personnes avec chaque résultat
Percentile par nombre de réponses
Votre historique - résultats
Vous n’avez pas pris ce quiz